Afghanistan, the great game revisited /

Bibliographic Details
Other Authors: Klass, Rosanne
Format: Book
Language:English
Published: New York, N.Y. : Freedom House ; 1987.
Subjects:

MARC

Tag First Indicator Second Indicator Subfields
LEADER 00000cam a2200000 a 4500
001 in00000025839
005 20151007054507.0
008 870826s1987 nyub b 00100 eng
010 |a  87025140  
020 |a 0932088163 (alk. paper) :  |c $29.95 
020 |a 0932088155 (pbk. : alk. paper) 
035 |a (OCoLC)16683530 
035 |9 AAB5225AM 
040 |a DLC  |c DLC  |d TXA  |d UtOrBLW 
043 |a a-af---  |a e-ur--- 
049 |a TXAM  |c [A11060905] 
050 0 0 |a DS357.6.S65  |b A35 1987 
082 0 |a 958/.1044  |2 19 
245 0 0 |a Afghanistan, the great game revisited /  |c edited by Rosanne Klass. 
264 1 |a New York, N.Y. :  |b Freedom House ;  |c 1987. 
264 2 |a Lanham, MD :  |b Distributed by UPA, 
300 |a 519 pages :  |b maps ;  |c 24 cm. 
336 |a text  |b txt  |2 rdacontent 
337 |a unmediated  |b n  |2 rdamedia 
338 |a volume  |b nc  |2 rdacarrier 
504 |a Bibliography: pages 475-499. 
500 |a Includes index. 
651 0 |a Afghanistan  |x Foreign relations  |z Soviet Union. 
651 0 |a Soviet Union  |x Foreign relations  |z Afghanistan. 
651 0 |a Afghanistan  |x Strategic aspects. 
651 0 |a Afghanistan  |x History  |y Soviet occupation, 1979-1989. 
700 1 |a Klass, Rosanne. 
999 |a MARS 
999 f f |s 37b94a8e-7ec1-3088-b4ce-e4ddd665c887  |i cd6d27df-ddd9-373d-ad89-f9cf13307bb9  |t 0 
952 f f |p ric  |a Texas A&M University  |b Rellis Campus  |c Joint Library Facility  |d Remote Storage  |t 0  |e DS357.6.S65 A35 1987  |h Library of Congress classification  |i unmediated -- volume  |m A14811060905 
998 f f |a DS357.6.S65 A35 1987  |t 0  |l Remote Storage